Sports Quiz

Random Sports or NFL Quiz

Dallas Cowboys Coaches Quiz Stats

 Plays Quiz Updated Mar 15, 2019

Score 0/8 Timer 02:00
0 Plays Today
Years Coach % Correct
1989-1993Jimmy Johnson
91.4%
1960-1988Tom Landry
86.9%
2007-2010Wade Phillips
86.4%
2003-2006Bill Parcells
78.4%
1994-1997Barry Switzer
69.8%
2000-2002Dave Campo
41.7%
1998-1999Chan Gailey
38.4%
2010-presentJason Garrett
33.9%

You're not logged in!

Compare scores with friends on all Sporcle quizzes.
OR
Log In

Sporcle TV

Today on Sporcle TV


Watch our educational content, quiz creation guides, and fun videos on Sporcle TV.

Show Comments

Extras

Top Quizzes Today


Score Distribution

Your Account Isn't Verified!

In order to create a playlist on Sporcle, you need to verify the email address you used during registration. Go to your Sporcle Settings to finish the process.

Report this User

Report this user for behavior that violates our Community Guidelines.

Details: